00584 2200229 4500001002100000005001500021035002000036007000300056008004100059020001800100082001200118084001800130100002500148245008200173250001000255260001900265300001900284650002300303990000800326990000900334990001100343INLIS00000000000001920170904024601 a0010-0917000005ta170904 0 ind  a979-3515-65-1 a291.178 a291.178 M.T m0 aM.Taqi Mishbah Yazdi1 aMeniru Tuhan :bAntara yang Terjadi dan Mesti Terjadi /cM.Taqi Mishbah Yazdi acet.1 bAl-Huda,c2006 a242 ;c21 x 14 aPerbandingan Agama a941 a2351 a2351 a